| 000 | 00829nam a2200253 a 4500 | ||
|---|---|---|---|
| 001 | BRCA_5059 | ||
| 005 | 20190320204925.0 | ||
| 008 | 081110s1866----mx-#######---#000-0#spa-# | ||
| 041 | _aspa | ||
| 044 | _amx | ||
| 050 | 4 |
_aHF3233 _b.D56 1866 |
|
| 100 | 1 |
_aMaillefert, Eugenio _912905 |
|
| 245 | 1 | 0 |
_aDirectorio del comercio del Imperio Mexicano _cEugenio Maillefert. |
| 260 |
_aMéxico _bEugenio Maillefert _c1866 |
||
| 300 |
_a188 p. _c22 cm. |
||
| 500 | _aIncluye índice de materias | ||
| 500 | _aTitulo de la cubierta: Gran almanaque mexicano y directorio del comercio al uso del Imperio Mexicano año 1866 | ||
| 500 | _aEstado físico: Encuadernación deteriorada | ||
| 500 | _aD149 | ||
| 650 | 1 | 4 |
_aAlmanaques mexicanos _912906 |
| 651 | 4 |
_aMéxico _vDirectorios _xComercio _910874 |
|
| 902 | _aGFM | ||
| 942 |
_2lcc _cB |
||
| 999 |
_c4753 _d4753 |
||